000
00397nam a22001097a 4500
008
110624t xxu||||| |||| 00| 0 eng d
010
_a
HCCSF95
245
_a
High Court Civil Suit No. 0012 OF 2001 Florence Baliraine Vs The Attorney General
260
_c
2001
500
_a
Before: YOROKAMU BAMWINE
999
_c
3820
_d
3820